[Event "San Pedro de la Paz-B"]
[Site "San Pedro de la Paz"]
[Date "2022.03.09"]
[Round "3"]
[White "Cruz Molina, Sebastian Jonathan"]
[Black "Ruiz Zenteno, Leonardo Marcial"]
[Result "1-0"]
[WhiteElo "1679"]
[BlackElo "1874"]
[PlyCount "39"]
[EventDate "2022.03.07"]
[EventType "tourn"]
[EventRounds "9"]
[EventCountry "CHI"]
[SourceTitle "CBM 207 Extra"]
[Source "ChessBase"]
[SourceDate "2022.05.31"]
[SourceVersion "1"]
[SourceVersionDate "2022.05.31"]
[SourceQuality "1"]

1. d4 Nf6 2. Nf3 e6 3. e3 d5 4. Bd3 c5 5. c3 Nc6 6. Nbd2 Qc7 7. 0-0 Be7 8. Qe2 0-0 9. e4 cxd4 10. e5 Nd7 11. cxd4 Nb4 12. Bb1 Nc2 13. Qd3 f5 14. Bxc2 Nb8 15. a3 a5 16. Ba4 Nd7 17. b3 g5 18. Nxg5 Nxe5 19. Qg3 Bxg5 20. dxe5 1-0